[Event "DVM U16w 2023"]
[Site "Magdeburg GER"]
[Date "2023.12.27"]
[Round "2"]
[White "Lankes, Selina"]
[Black "Luzgina, Anastasiia"]
[Result "0-1"]
[Termination "normal"]
[Board "5.4"]
[WhiteElo "933"]
[BlackElo "1362"]
[WhiteClock "01:24:43"]
[BlackClock "01:35:46"]
[WhiteTeam "SF Roding"]
[BlackTeam "SG Königskinder Hohentübingen"]
[PlyCount "104"]
[WhiteFideId "34639756"]
[BlackFideId "24280860"]
[EventCountry "GER"]
[EventRounds "7"]
[EventType "team-swiss"]
[EventDate "2023.12.26"]

1. e4 {[%clk 01:30:55]} {[%emt 00:00:03]} c6 {[%clk 01:30:51]} {[%emt
00:00:09]} 2. d4 {[%clk 01:31:10]} {[%emt 00:00:15]} d5 {[%clk 01:31:17]}
{[%emt 00:00:05]} 3. exd5 {[%clk 01:31:00]} {[%emt 00:00:40]} cxd5 {[%clk
01:31:41]} {[%emt 00:00:06]} 4. Nc3 {[%clk 01:31:15]} {[%emt 00:00:15]} Nf6
{[%clk 01:31:55]} {[%emt 00:00:15]} 5. Bb5+ {[%clk 01:31:05]} {[%emt 00:00:41]}
Nc6 {[%clk 01:32:13]} {[%emt 00:00:12]} 6. Nf3 {[%clk 01:31:13]} {[%emt
00:00:22]} Bg4 {[%clk 01:32:35]} 7. h3 {[%clk 01:30:32]} {[%emt 00:01:19]} Bh5
{[%clk 01:32:40]} {[%emt 00:00:26]} 8. Bf4 {[%clk 01:30:01]} {[%emt 00:00:59]}
e6 {[%clk 01:32:49]} {[%emt 00:00:21]} 9. O-O {[%clk 01:29:48]} {[%emt
00:00:44]} Bd6 {[%clk 01:33:01]} {[%emt 00:00:18]} 10. Qd2 {[%clk 01:29:17]}
{[%emt 00:01:01]} Bxf3 {[%clk 01:32:54]} {[%emt 00:00:36]} 11. gxf3 {[%clk
01:29:18]} {[%emt 00:00:30]} O-O {[%clk 01:33:07]} {[%emt 00:00:17]} 12. Rfe1
{[%clk 01:29:15]} {[%emt 00:00:33]} Bxf4 {[%clk 01:32:35]} {[%emt 00:01:03]}
13. Qxf4 {[%clk 01:29:09]} {[%emt 00:00:36]} a6 {[%clk 01:32:37]} {[%emt
00:00:29]} 14. Bd3 {[%clk 01:29:11]} {[%emt 00:00:26]} Qb6 {[%clk 01:32:48]}
{[%emt 00:00:19]} 15. Ne2 {[%clk 01:28:11]} {[%emt 00:01:31]} Rab8 {[%clk
01:31:51]} {[%emt 00:01:25]} 16. b3 {[%clk 01:28:03]} {[%emt 00:00:39]} Nb4
{[%clk 01:31:35]} {[%emt 00:00:46]} 17. Qc1 {[%clk 01:26:34]} {[%emt 00:01:58]}
Nxd3 {[%clk 01:29:51]} {[%emt 00:02:14]} 18. cxd3 {[%clk 01:26:49]} {[%emt
00:00:17]} Rfc8 {[%clk 01:30:06]} {[%emt 00:00:15]} 19. Qa3 {[%clk 01:26:35]}
{[%emt 00:00:46]} Rc2 {[%clk 01:29:35]} {[%emt 00:00:59]} 20. b4 {[%clk
01:26:08]} {[%emt 00:00:59]} Rbc8 {[%clk 01:29:43]} {[%emt 00:00:21]} 21. Rac1
{[%clk 01:26:11]} {[%emt 00:00:26]} h6 {[%clk 01:29:24]} {[%emt 00:00:48]} 22.
Qb3 {[%clk 01:25:16]} {[%emt 00:01:24]} Rxc1 {[%clk 01:29:06]} {[%emt
00:00:50]} 23. Rxc1 {[%clk 01:25:27]} {[%emt 00:00:19]} Rxc1+ {[%clk 01:29:31]}
{[%emt 00:00:05]} 24. Nxc1 {[%clk 01:25:44]} {[%emt 00:00:13]} Qxd4 {[%clk
01:29:53]} {[%emt 00:00:09]} 25. a3 {[%clk 01:25:24]} {[%emt 00:00:49]} Qa1
{[%clk 01:29:09]} {[%emt 00:01:14]} 26. Qc2 {[%clk 01:24:34]} {[%emt 00:01:19]}
Qxa3 {[%clk 01:29:30]} {[%emt 00:00:09]} 27. Ne2 {[%clk 01:24:42]} {[%emt
00:00:24]} Qxb4 {[%clk 01:29:46]} {[%emt 00:00:14]} 28. Qc8+ {[%clk 01:24:39]}
{[%emt 00:00:33]} Kh7 {[%clk 01:30:08]} {[%emt 00:00:07]} 29. Ng3 {[%clk
01:24:44]} {[%emt 00:00:27]} a5 {[%clk 01:29:26]} {[%emt 00:01:11]} 30. Qc2
{[%clk 01:24:06]} {[%emt 00:01:08]} a4 {[%clk 01:29:38]} {[%emt 00:00:19]} 31.
d4+ {[%clk 01:24:13]} {[%emt 00:00:22]} g6 {[%clk 01:30:00]} {[%emt 00:00:08]}
32. Ne2 {[%clk 01:23:37]} {[%emt 00:01:06]} a3 {[%clk 01:30:06]} {[%emt
00:00:24]} 33. Qa2 {[%clk 01:23:53]} {[%emt 00:00:15]} Qe1+ {[%clk 01:30:27]}
{[%emt 00:00:08]} 34. Kg2 {[%clk 01:24:06]} {[%emt 00:00:18]} Qb4 {[%clk
01:30:35]} {[%emt 00:00:21]} 35. f4 {[%clk 01:24:01]} {[%emt 00:00:36]} Ne4
{[%clk 01:30:36]} {[%emt 00:00:29]} 36. f3 {[%clk 01:23:57]} {[%emt 00:00:33]}
Qb2 {[%clk 01:30:53]} {[%emt 00:00:14]} 37. Qxb2 {[%clk 01:22:48]} {[%emt
00:01:41]} axb2 {[%clk 01:31:18]} {[%emt 00:00:04]} 38. fxe4 {[%clk 01:22:57]}
{[%emt 00:00:21]} b1=Q {[%clk 01:31:42]} {[%emt 00:00:05]} 39. exd5 {[%clk
01:23:03]} {[%emt 00:00:24]} exd5 {[%clk 01:32:02]} {[%emt 00:00:11]} 40. Nc3
{[%clk 01:23:25]} {[%emt 00:00:09]} Qc2+ {[%clk 01:32:26]} {[%emt 00:00:05]}
41. Kf3 {[%clk 01:23:42]} {[%emt 00:00:13]} Qxc3+ {[%clk 01:32:51]} {[%emt
00:00:05]} 42. Kg4 {[%clk 01:24:00]} {[%emt 00:00:11]} b5 {[%clk 01:32:53]}
{[%emt 00:00:29]} 43. f5 {[%clk 01:23:56]} {[%emt 00:00:34]} b4 {[%clk
01:33:19]} {[%emt 00:00:04]} 44. fxg6+ {[%clk 01:23:54]} {[%emt 00:00:33]} fxg6
{[%clk 01:33:43]} {[%emt 00:00:05]} 45. h4 {[%clk 01:24:13]} {[%emt 00:00:11]}
b3 {[%clk 01:33:50]} {[%emt 00:00:23]} 46. h5 {[%clk 01:24:24]} {[%emt
00:00:19]} b2 {[%clk 01:34:13]} {[%emt 00:00:07]} 47. hxg6+ {[%clk 01:24:40]}
{[%emt 00:00:15]} Kxg6 {[%emt 00:00:11]} 48. Kf4 {[%clk 01:24:26]} {[%emt
00:00:37]} Qxd4+ {[%clk 01:35:02]} {[%emt 00:00:06]} 49. Kf3 {[%clk 01:24:41]}
{[%emt 00:00:15]} b1=R {[%emt 00:00:14]} 50. Ke2 {[%clk 01:24:33]} {[%emt
00:00:31]} Rb3 {[%clk 01:35:46]} {[%emt 00:00:09]} 51. Ke1 {[%clk 01:24:52]}
{[%emt 00:00:11]} Rb2 {[%emt 00:00:42]} 52. Kf1 {[%clk 01:24:43]} {[%emt
00:00:07]} Qd1# {[%emt 00:00:21]} 0-1

[Event "DVM U16w 2023"]
[Site "Magdeburg GER"]
[Date "2023.12.27"]
[Round "2"]
[White "Lorenz, Veronika"]
[Black "Reddi, Bhuvana"]
[Result "1-0"]
[Termination "normal"]
[Board "6.1"]
[WhiteElo "1651"]
[BlackElo "1565"]
[WhiteClock "00:26:44"]
[BlackClock "00:24:08"]
[WhiteTeam "TSG Oberschöneweide"]
[BlackTeam "SC Weisse Dame"]
[PlyCount "47"]
[WhiteFideId "16277406"]
[BlackFideId "16287002"]
[EventCountry "GER"]
[EventRounds "7"]
[EventType "team-swiss"]
[EventDate "2023.12.26"]

1. e4 {[%clk 01:30:59]} e5 {[%clk 01:30:56]} {[%emt 00:00:05]} 2. Nf3 {[%clk
01:31:28]} {[%emt 00:00:01]} Nc6 {[%clk 01:31:19]} {[%emt 00:00:06]} 3. Bb5
{[%clk 01:31:56]} {[%emt 00:00:01]} a6 {[%clk 01:31:40]} {[%emt 00:00:08]} 4.
Ba4 {[%clk 01:32:26]} {[%emt 00:00:01]} Nf6 {[%clk 01:31:57]} {[%emt 00:00:13]}
5. d3 {[%clk 01:32:37]} {[%emt 00:00:20]} d6 {[%clk 01:32:00]} {[%emt
00:00:26]} 6. c3 {[%clk 01:33:00]} {[%emt 00:00:06]} Be7 {[%clk 01:32:20]}
{[%emt 00:00:11]} 7. O-O {[%clk 01:33:26]} {[%emt 00:00:05]} O-O {[%clk
01:32:28]} {[%emt 00:00:21]} 8. Re1 {[%clk 01:33:28]} {[%emt 00:00:28]} Nd7
{[%clk 01:29:24]} {[%emt 00:03:34]} 9. d4 {[%clk 01:33:01]} {[%emt 00:00:57]}
Bf6 {[%clk 01:26:48]} {[%emt 00:03:06]} 10. d5 {[%clk 01:32:39]} {[%emt
00:00:53]} Ne7 {[%clk 01:27:08]} {[%emt 00:00:10]} 11. Nbd2 {[%clk 01:31:41]}
{[%emt 00:01:28]} g6 {[%clk 01:26:54]} {[%emt 00:00:43]} 12. b4 {[%clk
01:22:32]} {[%emt 00:09:41]} Bg7 {[%clk 01:26:36]} {[%emt 00:00:48]} 13. c4
{[%clk 01:22:19]} {[%emt 00:00:43]} f5 {[%clk 01:26:49]} {[%emt 00:00:15]} 14.
Ba3 {[%clk 01:20:16]} {[%emt 00:02:34]} fxe4 {[%clk 01:24:49]} {[%emt
00:02:31]} 15. Nxe4 {[%clk 01:20:38]} {[%emt 00:00:07]} Nb6 {[%clk 01:25:03]}
{[%emt 00:00:16]} 16. Bb3 {[%clk 01:20:49]} {[%emt 00:00:18]} Bg4 {[%clk
01:24:11]} {[%emt 00:01:23]} 17. c5 {[%clk 01:14:59]} {[%emt 00:06:21]} Nbc8
{[%clk 01:22:49]} {[%emt 00:01:51]} 18. Neg5 {[%clk 01:12:21]} {[%emt
00:03:08]} Kh8 {[%clk 00:45:35]} {[%emt 00:37:34]} 19. h3 {[%clk 01:01:38]}
{[%emt 00:11:23]} Bd7 {[%clk 00:45:20]} {[%emt 00:00:44]} 20. Rc1 {[%clk
00:52:12]} {[%emt 00:09:57]} Bh6 {[%clk 00:37:28]} {[%emt 00:08:22]} 21. Bb2
{[%clk 00:48:34]} {[%emt 00:04:07]} Na7 {[%clk 00:28:21]} {[%emt 00:09:37]} 22.
Nxe5 {[%clk 00:28:54]} {[%emt 00:20:12]} Kg8 {[%clk 00:24:58]} {[%emt
00:03:52]} 23. Nxd7 {[%clk 00:26:22]} {[%emt 00:03:02]} Qxd7 {[%clk 00:24:08]}
{[%emt 00:01:20]} 24. Qd4 {[%clk 00:26:44]} {[%emt 00:00:08]} 1-0

[Event "DVM U16w 2023"]
[Site "Magdeburg GER"]
[Date "2023.12.27"]
[Round "2"]
[White "Yamshchikova, Alisa"]
[Black "Bauer, Sophia"]
[Result "1-0"]
[Termination "normal"]
[Board "6.3"]
[WhiteElo "1323"]
[BlackElo "1121"]
[WhiteClock "01:02:14"]
[BlackClock "00:06:26"]
[WhiteTeam "TSG Oberschöneweide"]
[BlackTeam "SC Weisse Dame"]
[PlyCount "109"]
[WhiteFideId "34135790"]
[BlackFideId "34620583"]
[EventCountry "GER"]
[EventRounds "7"]
[EventType "team-swiss"]
[EventDate "2023.12.26"]

1. e4 {[%clk 01:30:58]} e5 {[%clk 01:30:59]} {[%emt 00:00:01]} 2. Nf3 {[%clk
01:31:21]} {[%emt 00:00:07]} Nc6 {[%clk 01:31:21]} {[%emt 00:00:08]} 3. Bb5
{[%clk 01:31:44]} {[%emt 00:00:08]} d6 {[%clk 01:30:42]} {[%emt 00:01:09]} 4.
O-O {[%clk 01:32:03]} {[%emt 00:00:11]} Nf6 {[%clk 01:31:05]} {[%emt 00:00:06]}
5. Re1 {[%clk 01:32:16]} {[%emt 00:00:17]} Bg4 {[%clk 01:30:57]} {[%emt
00:00:37]} 6. c3 {[%clk 01:32:20]} {[%emt 00:00:27]} a6 {[%clk 01:30:56]}
{[%emt 00:00:31]} 7. Ba4 {[%clk 01:32:42]} {[%emt 00:00:08]} Be7 {[%clk
01:30:41]} {[%emt 00:00:45]} 8. d4 {[%clk 01:32:26]} {[%emt 00:00:46]} exd4
{[%clk 01:27:24]} {[%emt 00:03:47]} 9. cxd4 {[%clk 01:32:48]} {[%emt 00:00:07]}
O-O {[%clk 01:25:33]} {[%emt 00:02:22]} 10. Bxc6 {[%clk 01:30:52]} {[%emt
00:02:27]} bxc6 {[%clk 01:25:45]} {[%emt 00:00:17]} 11. Nc3 {[%clk 01:31:07]}
{[%emt 00:00:16]} Re8 {[%clk 01:24:52]} {[%emt 00:01:23]} 12. Qd3 {[%clk
01:30:31]} {[%emt 00:01:05]} Bxf3 {[%clk 01:18:11]} {[%emt 00:07:11]} 13. Qxf3
{[%clk 01:30:53]} {[%emt 00:00:09]} d5 {[%clk 01:12:37]} {[%emt 00:06:04]} 14.
e5 {[%clk 01:30:53]} {[%emt 00:00:31]} Nd7 {[%clk 01:10:18]} {[%emt 00:02:47]}
15. Qg4 {[%clk 01:28:38]} {[%emt 00:02:44]} Bb4 {[%clk 01:05:12]} {[%emt
00:05:37]} 16. Bh6 {[%clk 01:27:59]} {[%emt 00:01:09]} g6 {[%clk 01:05:25]}
{[%emt 00:00:18]} 17. Bg5 {[%clk 01:25:40]} {[%emt 00:02:49]} Be7 {[%clk
00:56:36]} {[%emt 00:09:18]} 18. h4 {[%clk 01:20:56]} {[%emt 00:05:16]} f6
{[%clk 00:53:07]} {[%emt 00:03:59]} 19. Qe6+ {[%clk 01:19:16]} {[%emt
00:02:09]} Kg7 {[%clk 00:50:05]} {[%emt 00:03:32]} 20. exf6+ {[%clk 01:17:26]}
{[%emt 00:02:20]} Nxf6 {[%clk 00:48:07]} {[%emt 00:02:27]} 21. Qxc6 {[%clk
01:13:29]} {[%emt 00:04:27]} h6 {[%clk 00:42:34]} {[%emt 00:06:03]} 22. Bxf6+
{[%clk 01:13:46]} {[%emt 00:00:14]} Bxf6 {[%clk 00:42:37]} {[%emt 00:00:28]}
23. Rxe8 {[%clk 01:14:02]} {[%emt 00:00:14]} Qxe8 {[%clk 00:42:55]} {[%emt
00:00:11]} 24. Qxc7+ {[%clk 01:14:10]} {[%emt 00:00:21]} Qf7 {[%clk 00:42:22]}
{[%emt 00:01:04]} 25. Qxf7+ {[%clk 01:11:17]} {[%emt 00:03:21]} Kxf7 {[%clk
00:42:44]} {[%emt 00:00:08]} 26. Nxd5 {[%clk 01:11:41]} {[%emt 00:00:07]} Bxd4
{[%clk 00:42:53]} {[%emt 00:00:20]} 27. Rb1 {[%clk 01:11:58]} {[%emt 00:00:12]}
Rb8 {[%clk 00:42:41]} {[%emt 00:00:42]} 28. b3 {[%clk 01:12:09]} {[%emt
00:00:19]} Rc8 {[%clk 00:41:09]} {[%emt 00:02:02]} 29. Ne3 {[%clk 01:05:48]}
{[%emt 00:06:52]} Rc3 {[%clk 00:36:08]} {[%emt 00:05:28]} 30. Nd1 {[%clk
01:04:31]} {[%emt 00:01:47]} Rc2 {[%clk 00:34:30]} {[%emt 00:02:11]} 31. a4
{[%clk 01:04:45]} {[%emt 00:00:17]} Ke6 {[%clk 00:34:03]} {[%emt 00:00:57]} 32.
Kf1 {[%clk 01:04:36]} {[%emt 00:00:36]} Ke5 {[%clk 00:32:54]} {[%emt 00:01:42]}
33. Ne3 {[%clk 01:01:34]} {[%emt 00:03:30]} Bxe3 {[%clk 00:25:54]} {[%emt
00:07:33]} 34. fxe3 {[%clk 01:01:57]} {[%emt 00:00:08]} Ke4 {[%clk 00:25:59]}
{[%emt 00:00:25]} 35. b4 {[%clk 01:02:02]} {[%emt 00:00:24]} Kxe3 {[%clk
00:24:29]} {[%emt 00:01:59]} 36. b5 {[%clk 01:02:19]} {[%emt 00:00:14]} axb5
{[%clk 00:23:55]} {[%emt 00:01:03]} 37. axb5 {[%clk 01:02:43]} {[%emt
00:00:07]} Rc7 {[%clk 00:19:35]} {[%emt 00:04:49]} 38. b6 {[%clk 01:01:11]}
{[%emt 00:02:02]} Rb7 {[%clk 00:19:40]} {[%emt 00:00:26]} 39. Ke1 {[%clk
01:01:06]} {[%emt 00:00:34]} Kd4 {[%clk 00:16:46]} {[%emt 00:03:24]} 40. Ke2
{[%clk 01:01:18]} {[%emt 00:00:18]} Ke5 {[%clk 00:16:47]} {[%emt 00:00:29]} 41.
Ke3 {[%clk 01:01:34]} {[%emt 00:00:11]} Ke6 {[%clk 00:15:04]} {[%emt 00:02:16]}
42. g4 {[%clk 01:00:18]} {[%emt 00:01:47]} g5 {[%clk 00:14:17]} {[%emt
00:01:16]} 43. h5 {[%clk 01:00:30]} {[%emt 00:00:18]} Ke5 {[%clk 00:13:22]}
{[%emt 00:01:26]} 44. Rb5+ {[%clk 00:58:54]} {[%emt 00:02:06]} Kd6 {[%clk
00:11:47]} {[%emt 00:02:05]} 45. Ke4 {[%clk 00:59:01]} {[%emt 00:00:23]} Ke6
{[%clk 00:10:48]} {[%emt 00:01:28]} 46. Rb4 {[%clk 00:59:02]} {[%emt 00:00:30]}
Kd6 {[%clk 00:05:47]} {[%emt 00:05:30]} 47. Kf5 {[%clk 00:59:21]} {[%emt
00:00:10]} Kc6 {[%clk 00:04:24]} {[%emt 00:01:53]} 48. Kg6 {[%clk 00:59:40]}
{[%emt 00:00:12]} Rxb6 {[%clk 00:04:38]} {[%emt 00:00:15]} 49. Rxb6+ {[%clk
01:00:04]} {[%emt 00:00:06]} Kxb6 {[%clk 00:04:56]} {[%emt 00:00:12]} 50. Kxh6
{[%clk 01:00:33]} {[%emt 00:00:03]} Kc7 {[%clk 00:05:12]} {[%emt 00:00:13]} 51.
Kxg5 {[%clk 01:00:45]} {[%emt 00:00:19]} Kd7 {[%clk 00:05:30]} {[%emt
00:00:13]} 52. h6 {[%clk 01:01:12]} {[%emt 00:00:02]} Ke7 {[%clk 00:05:51]}
{[%emt 00:00:09]} 53. h7 {[%clk 01:01:38]} {[%emt 00:00:04]} Kf7 {[%clk
00:06:05]} {[%emt 00:00:15]} 54. h8=Q {[%clk 01:01:59]} {[%emt 00:00:10]} Ke7
{[%clk 00:06:26]} {[%emt 00:00:09]} 55. Qh6 {[%clk 01:02:14]} {[%emt 00:00:14]}
1-0

[Event "DVM U16w 2023"]
[Site "Magdeburg GER"]
[Date "2023.12.27"]
[Round "2"]
[White "Kremling, Alamea"]
[Black "Weng, Yueyi Elina"]
[Result "0-1"]
[Termination "normal"]
[Board "6.4"]
[WhiteElo "1006"]
[BlackElo "1457"]
[WhiteClock "00:53:49"]
[BlackClock "01:05:04"]
[WhiteTeam "SC Weisse Dame"]
[BlackTeam "TSG Oberschöneweide"]
[PlyCount "64"]
[WhiteFideId "34630228"]
[BlackFideId "34639896"]
[EventCountry "GER"]
[EventRounds "7"]
[EventType "team-swiss"]
[EventDate "2023.12.26"]

1. d4 {[%clk 01:30:57]} {[%emt 00:00:02]} Nf6 {[%clk 01:30:54]} {[%emt
00:00:07]} 2. c4 {[%clk 01:30:51]} {[%emt 00:00:37]} g6 {[%clk 01:31:07]}
{[%emt 00:00:15]} 3. Bf4 {[%clk 01:30:53]} {[%emt 00:00:28]} Bg7 {[%clk
01:31:22]} {[%emt 00:00:15]} 4. e3 {[%clk 01:30:53]} {[%emt 00:00:31]} O-O
{[%clk 01:31:30]} {[%emt 00:00:21]} 5. Nf3 {[%clk 01:30:59]} {[%emt 00:00:25]}
d6 {[%clk 01:31:42]} {[%emt 00:00:19]} 6. Be2 {[%clk 01:30:31]} {[%emt
00:00:57]} Nbd7 {[%clk 01:30:57]} {[%emt 00:01:15]} 7. O-O {[%clk 01:30:13]}
{[%emt 00:00:47]} Nh5 {[%clk 01:30:25]} {[%emt 00:01:02]} 8. Bg3 {[%clk
01:30:02]} {[%emt 00:00:43]} Nxg3 {[%clk 01:30:28]} {[%emt 00:00:26]} 9. hxg3
{[%clk 01:29:52]} {[%emt 00:00:40]} c5 {[%clk 01:29:23]} {[%emt 00:01:36]} 10.
Nc3 {[%clk 01:29:05]} {[%emt 00:01:15]} b6 {[%clk 01:26:58]} {[%emt 00:02:55]}
11. a3 {[%clk 01:28:08]} {[%emt 00:01:28]} Bb7 {[%clk 01:24:28]} {[%emt
00:03:00]} 12. Qd2 {[%clk 01:24:32]} {[%emt 00:04:05]} Rc8 {[%clk 01:18:23]}
{[%emt 00:06:36]} 13. b4 {[%clk 01:22:01]} {[%emt 00:03:00]} Bxf3 {[%clk
01:14:33]} {[%emt 00:04:20]} 14. gxf3 {[%clk 01:21:43]} {[%emt 00:00:48]} cxd4
{[%clk 01:14:04]} {[%emt 00:01:00]} 15. exd4 {[%clk 01:21:38]} {[%emt
00:00:35]} Nb8 {[%clk 01:09:51]} {[%emt 00:04:42]} 16. Rfc1 {[%clk 01:18:48]}
{[%emt 00:03:21]} Nc6 {[%clk 01:09:14]} {[%emt 00:01:06]} 17. d5 {[%clk
01:14:07]} {[%emt 00:05:12]} Nd4 {[%clk 01:08:55]} {[%emt 00:00:47]} 18. Rab1
{[%clk 01:12:52]} {[%emt 00:01:48]} Rxc4 {[%clk 01:07:33]} {[%emt 00:01:51]}
19. Kg2 {[%clk 01:08:51]} {[%emt 00:04:31]} Nxe2 {[%clk 01:06:31]} {[%emt
00:01:32]} 20. Qxe2 {[%clk 01:08:44]} {[%emt 00:00:37]} Rxc3 {[%clk 01:06:47]}
{[%emt 00:00:15]} 21. Rxc3 {[%clk 01:07:46]} {[%emt 00:01:28]} Bxc3 {[%clk
01:07:10]} {[%emt 00:00:08]} 22. Rc1 {[%clk 01:06:48]} {[%emt 00:01:26]} Bg7
{[%clk 01:06:59]} {[%emt 00:00:41]} 23. Qa6 {[%clk 01:05:25]} {[%emt 00:01:53]}
Qd7 {[%clk 01:06:51]} {[%emt 00:00:36]} 24. f4 {[%clk 01:03:02]} {[%emt
00:02:56]} Rb8 {[%clk 01:05:48]} {[%emt 00:01:30]} 25. Rc2 {[%clk 00:58:54]}
{[%emt 00:04:41]} Qb7 {[%clk 01:05:46]} {[%emt 00:00:30]} 26. Qc4 {[%clk
00:58:04]} {[%emt 00:01:20]} e6 {[%clk 01:04:13]} {[%emt 00:02:04]} 27. Qc6
{[%clk 00:56:42]} {[%emt 00:01:52]} Qxc6 {[%clk 01:04:08]} {[%emt 00:00:36]}
28. dxc6 {[%clk 00:57:03]} {[%emt 00:00:10]} Rc8 {[%clk 01:04:29]} {[%emt
00:00:07]} 29. Kf3 {[%clk 00:56:05]} {[%emt 00:01:27]} a6 {[%clk 01:04:46]}
{[%emt 00:00:13]} 30. Ke4 {[%clk 00:55:29]} {[%emt 00:01:07]} Kf8 {[%clk
01:04:41]} {[%emt 00:00:35]} 31. f3 {[%clk 00:54:15]} {[%emt 00:01:44]} Ke7
{[%clk 01:05:01]} {[%emt 00:00:09]} 32. g4 {[%clk 00:53:49]} {[%emt 00:00:57]}
d5+ {[%clk 01:05:04]} {[%emt 00:00:27]} 0-1

[Event "DVM U16w 2023"]
[Site "Magdeburg GER"]
[Date "2023.12.27"]
[Round "2"]
[White "Malagatte, Samiksha"]
[Black "Henzel, Leonie"]
[Result "0-1"]
[Termination "normal"]
[Board "7.2"]
[WhiteElo "1321"]
[BlackElo "1247"]
[WhiteClock "00:37:25"]
[BlackClock "00:32:41"]
[WhiteTeam "SG Solingen"]
[BlackTeam "SchachAkademiePaderborn"]
[PlyCount "40"]
[WhiteFideId "34633790"]
[BlackFideId "34605720"]
[EventCountry "GER"]
[EventRounds "7"]
[EventType "team-swiss"]
[EventDate "2023.12.26"]

1. e4 {[%clk 01:30:58]} {[%emt 00:00:01]} e6 {[%clk 01:30:45]} {[%emt
00:00:16]} 2. d4 {[%clk 01:31:19]} {[%emt 00:00:10]} d5 {[%clk 01:31:07]}
{[%emt 00:00:06]} 3. exd5 {[%clk 01:31:39]} {[%emt 00:00:11]} exd5 {[%clk
01:31:31]} {[%emt 00:00:06]} 4. Nf3 {[%clk 01:31:56]} {[%emt 00:00:14]} Nc6
{[%clk 01:31:33]} {[%emt 00:00:29]} 5. Bd3 {[%clk 01:26:23]} {[%emt 00:06:01]}
Bd6 {[%clk 01:26:59]} {[%emt 00:05:04]} 6. c4 {[%clk 01:26:12]} {[%emt
00:00:40]} Be6 {[%clk 01:24:59]} {[%emt 00:02:27]} 7. b3 {[%clk 01:19:57]}
{[%emt 00:06:50]} Nf6 {[%clk 01:21:59]} {[%emt 00:03:30]} 8. O-O {[%clk
01:16:33]} {[%emt 00:03:55]} O-O {[%clk 01:21:23]} {[%emt 00:01:05]} 9. Nc3
{[%clk 01:16:18]} {[%emt 00:00:45]} Bb4 {[%clk 01:14:09]} {[%emt 00:07:38]} 10.
Bb2 {[%clk 01:11:32]} {[%emt 00:05:21]} Bg4 {[%clk 01:09:59]} {[%emt 00:04:35]}
11. Be2 {[%clk 01:06:22]} {[%emt 00:05:45]} Re8 {[%clk 01:05:34]} {[%emt
00:04:47]} 12. Re1 {[%clk 01:01:17]} {[%emt 00:05:43]} Ne4 {[%clk 01:02:10]}
{[%emt 00:03:51]} 13. Rc1 {[%emt 00:13:54]} Qd7 {[%clk 00:53:49]} {[%emt
00:03:27]} 14. Nd2 {[%clk 00:46:57]} {[%emt 00:06:53]} Nxc3 {[%clk 00:37:12]}
{[%emt 00:17:06]} 15. Bxc3 {[%clk 00:45:41]} {[%emt 00:01:47]} Bxe2 {[%clk
00:35:16]} {[%emt 00:02:26]} 16. Rxe2 {[%clk 00:44:59]} {[%emt 00:01:12]} Bxc3
{[%clk 00:34:46]} {[%emt 00:01:01]} 17. Rxc3 {[%clk 00:42:45]} {[%emt
00:02:44]} Nxd4 {[%clk 00:33:18]} {[%emt 00:01:58]} 18. Rxe8+ {[%clk 00:40:40]}
{[%emt 00:02:35]} Rxe8 {[%clk 00:33:24]} {[%emt 00:00:24]} 19. cxd5 {[%clk
00:39:14]} {[%emt 00:01:56]} Ne2+ {[%clk 00:32:54]} {[%emt 00:00:58]} 20. Kf1
{[%clk 00:37:25]} {[%emt 00:02:21]} Nxc3 {[%clk 00:32:41]} {[%emt 00:00:43]}
0-1